| 000 | 00503nam a22001697a 4500 | ||
|---|---|---|---|
| 008 | 230619b |||||||| |||| 00| 0 eng d | ||
| 020 | _a0-908603-10-X | ||
| 040 |
_aNational Science Library _cNational Science Library |
||
| 080 |
_aR 575(081) _bM2 |
||
| 245 |
_aCharles Darwin. 1809-1882: _bA centennial commemorative |
||
| 260 |
_aNew Zealand: _bNova Pacifica, _c1982 |
||
| 300 | _axii, 376p. | ||
| 650 | _aScience | ||
| 653 | _aScientist | ||
| 700 | _aChapman, Roger G (Ed.) | ||
| 942 |
_2udc _cBK |
||
| 999 |
_c44885 _d44885 |
||